000 01194nam0a22003011 4500
001 rc\4961370
005 20250613050716.0
021 _aRU
_b[60-15337]
035 _a(NLR Aleph) 008958274
090 _a9047412
_c9047412
100 _a20130426d1960 |||y0rusy50 ca
101 0 _arus
102 _aRU
105 _aa z |||||
200 1 _aРасчет и построение контуров самолета на плазе
_fПод общ. ред. канд. техн. наук С.С. Ленькова
210 _aМосква
_cОборонгиз
_d1960
215 _a491 с., 12 л. черт.
_cил.
_d23
300 _aПеред загл. авт.: В.А. Андреев, В.А. Зворыкин, Л.А. Коноров и др.
606 _aСамолетостроение
_xПлазово-шаблонный метод
_2psbo
701 1 _aАндреев
_bВ.А.
_gВладимир Александрович
701 1 _aЗворыкин
_bВ.А.
701 1 _aКоноров
_bЛ.А.
702 1 _aЛеньков
_bС.С.
_gСергей Сергеевич
_4340
801 0 _aRU
_bNLR
_gpsbo
801 1 _aRU
_bELAR
_2rusmarc
852 _aNLR
_j60-5/939
942 _cBOOK
980 _aNB